Kenya / (Record no. 20818)
[ view plain ]
| 000 -LEADER | |
|---|---|
| fixed length control field | 01130nam a22002895a 4500 |
| 005 - DATE AND TIME OF LATEST TRANSACTION | |
| control field | 20081218014543.0 |
| 008 - FIXED-LENGTH DATA ELEMENTS--GENERAL INFORMATION | |
| fixed length control field | 081101s2008 ii a | b 00| 0 eng |
| 010 ## - LCCN (DPL NO) | |
| LC control number | ENG-92442 |
| 020 ## - INTERNATIONAL STANDARD BOOK NUMBER | |
| International Standard Book Number | 9788123752624 |
| Terms of availability | 50.00 |
| 035 ## - SYSTEM CONTROL NUMBER | |
| System control number | EN-75975 |
| 037 ## - SOURCE OF ACQUISITION | |
| Source of stock number/acquisition | DBAD / PUB |
| 040 ## - CATALOGING SOURCE | |
| Original cataloging agency | DPL |
| 082 ## - DEWEY DECIMAL CLASSIFICATION NUMBER | |
| Classification number | 967.62 |
| 100 ## - MAIN ENTRY--PERSONAL NAME | |
| Personal name | Gupta, Vijay |
| 245 ## - TITLE STATEMENT | |
| Title | Kenya / |
| Statement of responsibility, etc | by Vijay Gupta |
| 260 ## - PUBLICATION, DISTRIBUTION, ETC. (IMPRINT) | |
| Place of publication, distribution, etc | New Delhi |
| Name of publisher, distributor, etc | National Book Trust |
| Date of publication, distribution, etc | 2008 |
| 270 ## - ADDRESS | |
| Address | Plot No. 5, Institutional Area, Ph-II, Vasant Kunj |
| City | New Delhi |
| Postal code | 110070 |
| 300 ## - PHYSICAL DESCRIPTION | |
| Extent | vi, 192p.: |
| Dimensions | 20cm (pbk) |
| Other physical details | col. photos |
| 490 ## - SERIES STATEMENT | |
| Series statement | Afro-Asian countries |
| 520 ## - SUMMARY, ETC. | |
| Summary, etc | Collection of lectures delivered on diverse aspects of Indian life and culture by various authors; festschrift volume. |
| 651 ## - SUBJECT ADDED ENTRY--GEOGRAPHIC NAME | |
| Geographic name | Kenya |
| General subdivision | History |
| 651 ## - SUBJECT ADDED ENTRY--GEOGRAPHIC NAME | |
| Geographic name | Kenya |
| General subdivision | Social conditions. |
| 651 ## - SUBJECT ADDED ENTRY--GEOGRAPHIC NAME | |
| Geographic name | Kenya |
| General subdivision | Economic conditions. |
| 651 ## - SUBJECT ADDED ENTRY--GEOGRAPHIC NAME | |
| Geographic name | Kenya |
| General subdivision | Politics and government. |
| 942 ## - ADDED ENTRY ELEMENTS (KOHA) | |
| Source of classification or shelving scheme | Dewey Decimal Classification |
| Item type | English Books |
| Call number suffix | GUP |
| Classification part | 967.62 |
| Withdrawn status | Lost status | Source of classification or shelving scheme | Damaged status | Not for loan | Collection code | Home library | Current library | Date acquired | Source of acquisition | Cost, normal purchase price | Total Checkouts | Full call number | Barcode | Date last seen | Copy number | Cost, replacement price | Koha item type |
|---|---|---|---|---|---|---|---|---|---|---|---|---|---|---|---|---|---|
| Dewey Decimal Classification | Not For Loan | Non-fiction | D.B.Act.Division | D.B.Act.Division | 09/01/2009 | DBAB / PUB | 50.00 | 967.62 GUP | EN-75975 | 09/01/2009 | 1 | 50.00 | English Books |
